000 00733nam a2200181 i 4500
001 86746
003 ES-MaACL
007 t|
008 041215s1955 sp ||||1| spa d
100 1 _aKleinlogel, Adolf.
_968230
245 1 0 _aInfluencias físico-químicas sobre los hormigones en masa y armados /
_cestudio por Aldolf Kleinlogel ; con la colaboración de Kurt Walz y Hugo Vierheller ; traducción directa de la 5ª ed. alemana por Roberto Dublang.
260 _aBarcelona, etc. :
_bLabor,
_c1955 (
_fTall. Graf. Ibero-Americanos)
300 _aXVI, 304 p. :
_bil. ;
_c25 cm.
700 1 _aWalz, Kurt.
_9116031
700 1 _aVierheller, Hugo.
_9114595
700 1 _aDublang, Roberto.
_945757
852 _aES-MaACL
_jC-9467
_bR.37695
999 _c86746
_d86746